000 00397nam a22001817i 4500
001 1982
003 OSt
005 20170126082301.0
007 tu
008 161220s1987 xxu||||| |||| 00| 0 d
024 7 _a1981
_2RID
040 _cOSt
084 _a11.71
_2z
100 1 _aByrnes, R.F.
_eEd.
245 0 0 _aThe United States and Eastern Europe
260 _aNew York,
_c1987.
300 _a179 S. ;
_c21cm.
942 _cB
999 _c1961
_d1961